| 000 | 01468cam a2200541 4500 | ||
|---|---|---|---|
| 001 | B1663 | ||
| 008 | 090401t1987 xxu||||| |||| 00| 0 eng d | ||
| 035 | _a(Sirsi) u45646 | ||
| 041 | _aeng | ||
| 050 | _a333.00601 | ||
| 110 | _aFIABCI | ||
| 245 | _a38th FIABCI Congress Copenhagen, May 24-29, 1987. (Papers, List of participants etc.) | ||
| 260 |
_aParis _bFIABCI _c1987 |
||
| 300 | _a35 items in box ; 30cm. | ||
| 350 | _a24.95 | ||
| 520 | _aIncludes papers by Grant,A.P. ; McMillan-Scott,E ; Hattersley,W.M. ; Edwards,E.F. ; Phil- lips,J.M. Doyle,R. | ||
| 650 | _aASSETS | ||
| 650 | _aAUSTRALIA | ||
| 650 | _aBRAZIL | ||
| 650 | _aCOPENHAGEN | ||
| 650 | _aDENMARK | ||
| 650 | _aCAREERS, EDUCATION AND TRAINING | ||
| 650 | _aEUROPEAN COMMUNITY | ||
| 650 | _aFRANCE | ||
| 650 | _aHOMELESSNESS | ||
| 650 | _aHOUSING FINANCE | ||
| 650 | _aINDIA | ||
| 650 | _aINDUSTRIAL PROPERTY | ||
| 650 | _aINNER CITY REDEVELOPMENT | ||
| 650 | _aLEISURE PROPERTY | ||
| 650 | _aMARKETING | ||
| 650 | _aOSLO | ||
| 650 | _aPAPUA NEW GUINEA | ||
| 650 | _aPOLDERS | ||
| 650 | _aPROFESSIONAL PRACTICE | ||
| 650 | _aPROPERTY INVESTMENT | ||
| 650 | _aPROPERTY | ||
| 650 | _aRESEARCH | ||
| 650 | _aSERVICE CHARGES | ||
| 650 | _aSURVEYORS | ||
| 650 | _aSWITZERLAND | ||
| 650 | _aUNITED STATES OF AMERICA | ||
| 650 | _aVALUATION STANDARDS | ||
| 650 |
_aValuation _96273 |
||
| 650 | _aVIRUMGAARD | ||
| 942 | _n0 | ||
| 948 | _c04/03/1997 | ||
| 999 |
_c91788 _d91788 |
||